<?xml version="1.0" encoding="UTF-8"?>
<record
    xmlns:xsi="http://www.w3.org/2001/XMLSchema-instance"
    xsi:schemaLocation="http://www.loc.gov/MARC21/slim http://www.loc.gov/standards/marcxml/schema/MARC21slim.xsd"
    xmlns="http://www.loc.gov/MARC21/slim">

  <leader>01747nam0a22003611  4500</leader>
  <controlfield tag="001">RU\NLR\INFOCOMM_41\5000247195</controlfield>
  <controlfield tag="005">20250613090305.0</controlfield>
  <datafield tag="035" ind1=" " ind2=" ">
    <subfield code="a">(NLR Aleph) 009062093</subfield>
  </datafield>
  <datafield tag="090" ind1=" " ind2=" ">
    <subfield code="a">7869912</subfield>
    <subfield code="c">7869912</subfield>
  </datafield>
  <datafield tag="100" ind1=" " ind2=" ">
    <subfield code="a">20081009d1990    |||y0rusy50      ca</subfield>
  </datafield>
  <datafield tag="101" ind1="0" ind2=" ">
    <subfield code="a">eng</subfield>
    <subfield code="d">rus</subfield>
  </datafield>
  <datafield tag="102" ind1=" " ind2=" ">
    <subfield code="a">RU</subfield>
  </datafield>
  <datafield tag="105" ind1=" " ind2=" ">
    <subfield code="a">a   z   000zy</subfield>
  </datafield>
  <datafield tag="200" ind1="1" ind2=" ">
    <subfield code="a">Construction of the wave function of tritium / helium-3 using</subfield>
    <subfield code="e">a method based on the extraction of leading singularities</subfield>
    <subfield code="f">A. V. Anisovich a. V. V. Anisovich</subfield>
  </datafield>
  <datafield tag="210" ind1=" " ind2=" ">
    <subfield code="a">L.</subfield>
    <subfield code="c">&#x41B;&#x418;&#x42F;&#x424;</subfield>
    <subfield code="d">1990</subfield>
  </datafield>
  <datafield tag="215" ind1=" " ind2=" ">
    <subfield code="a">23 &#x441;.</subfield>
    <subfield code="c">&#x438;&#x43B;.</subfield>
    <subfield code="d">20 &#x441;&#x43C;</subfield>
  </datafield>
  <datafield tag="300" ind1=" " ind2=" ">
    <subfield code="a">&#x41D;&#x430; &#x43E;&#x431;&#x43E;&#x440;&#x43E;&#x442;&#x435; &#x442;&#x438;&#x442;. &#x43B;.: &#x41F;&#x43E;&#x441;&#x442;&#x440;&#x43E;&#x435;&#x43D;&#x438;&#x435; &#x432;&#x43E;&#x43B;&#x43D;&#x43E;&#x432;&#x43E;&#x439; &#x444;&#x443;&#x43D;&#x43A;&#x446;&#x438;&#x438; &#x442;&#x440;&#x438;&#x442;&#x438;&#x44F;/&#x433;&#x435;&#x43B;&#x438;&#x44F;-3 &#x43C;&#x435;&#x442;&#x43E;&#x434;&#x43E;&#x43C; &#x432;&#x44B;&#x434;&#x435;&#x43B;&#x435;&#x43D;&#x438;&#x44F; &#x433;&#x43B;&#x430;&#x432;&#x43D;&#x44B;&#x445; &#x441;&#x438;&#x43D;&#x433;&#x443;&#x43B;&#x44F;&#x440;&#x43D;&#x43E;&#x441;&#x442;&#x435;&#x439; / &#x410;. &#x412;. &#x410;&#x43D;&#x438;&#x441;&#x43E;&#x432;&#x438;&#x447;, &#x412;. &#x412;. &#x410;&#x43D;&#x438;&#x441;&#x43E;&#x432;&#x438;&#x447;</subfield>
  </datafield>
  <datafield tag="300" ind1=" " ind2=" ">
    <subfield code="a">&#x41D;&#x430; &#x43E;&#x431;&#x43B;. &#x43D;&#x430;&#x434;&#x437;&#x430;&#x433;. &#x43D;&#x430; &#x440;&#x443;&#x441;. &#x44F;&#x437;.</subfield>
  </datafield>
  <datafield tag="300" ind1=" " ind2=" ">
    <subfield code="a">&#x420;&#x435;&#x437;. &#x43D;&#x430; &#x440;&#x443;&#x441;. &#x44F;&#x437;.</subfield>
  </datafield>
  <datafield tag="320" ind1=" " ind2=" ">
    <subfield code="a">&#x411;&#x438;&#x431;&#x43B;&#x438;&#x43E;&#x433;&#x440;.: &#x441;. 18</subfield>
  </datafield>
  <datafield tag="517" ind1="1" ind2=" ">
    <subfield code="a">&#x41F;&#x43E;&#x441;&#x442;&#x440;&#x43E;&#x435;&#x43D;&#x438;&#x435; &#x432;&#x43E;&#x43B;&#x43D;&#x43E;&#x432;&#x43E;&#x439; &#x444;&#x443;&#x43D;&#x43A;&#x446;&#x438;&#x438; &#x442;&#x440;&#x438;&#x442;&#x438;&#x44F;/&#x433;&#x435;&#x43B;&#x438;&#x44F;-3 &#x43C;&#x435;&#x442;&#x43E;&#x434;&#x43E;&#x43C; &#x432;&#x44B;&#x434;&#x435;&#x43B;&#x435;&#x43D;&#x438;&#x44F; &#x433;&#x43B;&#x430;&#x432;&#x43D;&#x44B;&#x445; &#x441;&#x438;&#x43D;&#x433;&#x443;&#x43B;&#x44F;&#x440;&#x43D;&#x43E;&#x441;&#x442;&#x435;&#x439;</subfield>
  </datafield>
  <datafield tag="606" ind1=" " ind2=" ">
    <subfield code="a">&#x422;&#x440;&#x438;&#x442;&#x438;&#x439;</subfield>
    <subfield code="x">&#x410;&#x442;&#x43E;&#x43C;&#x43D;&#x43E;&#x435; &#x44F;&#x434;&#x440;&#x43E;</subfield>
    <subfield code="x">&#x412;&#x43E;&#x43B;&#x43D;&#x43E;&#x432;&#x44B;&#x435; &#x444;&#x443;&#x43D;&#x43A;&#x446;&#x438;&#x438;</subfield>
    <subfield code="2">nlr_sh1</subfield>
  </datafield>
  <datafield tag="686" ind1=" " ind2=" ">
    <subfield code="a">&#x412;383.11</subfield>
    <subfield code="2">rubbk</subfield>
  </datafield>
  <datafield tag="700" ind1=" " ind2="1">
    <subfield code="9">z02790</subfield>
    <subfield code="a">Anisovi&#x10D;</subfield>
    <subfield code="b">A. V.</subfield>
    <subfield code="g">Aleksej Vladimirovi&#x10D;</subfield>
    <subfield code="4">070</subfield>
  </datafield>
  <datafield tag="701" ind1=" " ind2="1">
    <subfield code="4">070</subfield>
    <subfield code="7">ba</subfield>
    <subfield code="8">rus</subfield>
    <subfield code="a">Anisovi&#x10D;</subfield>
    <subfield code="b">V. V.</subfield>
    <subfield code="c">&#x434;-&#x440; &#x444;&#x438;&#x437;.-&#x43C;&#x430;&#x442;. &#x43D;&#x430;&#x443;&#x43A;, &#x444;&#x438;&#x437;&#x438;&#x43A;&#x430; &#x447;&#x430;&#x441;&#x442;&#x438;&#x446;</subfield>
    <subfield code="f">1932-</subfield>
    <subfield code="g">Vladimir Vladislavovi&#x10D;</subfield>
    <subfield code="9">238628</subfield>
    <subfield code="3">RU\NLR\AUTH\770238684</subfield>
  </datafield>
  <datafield tag="790" ind1=" " ind2="1">
    <subfield code="9">z02700</subfield>
    <subfield code="a">Anisovich</subfield>
    <subfield code="b">A. V.</subfield>
    <subfield code="4">070</subfield>
  </datafield>
  <datafield tag="790" ind1=" " ind2="1">
    <subfield code="9">z03701</subfield>
    <subfield code="a">Anisovich</subfield>
    <subfield code="b">V. V.</subfield>
    <subfield code="4">070</subfield>
  </datafield>
  <datafield tag="801" ind1=" " ind2="1">
    <subfield code="a">RU</subfield>
    <subfield code="b">NLR</subfield>
    <subfield code="c">20081009</subfield>
  </datafield>
  <datafield tag="801" ind1=" " ind2="0">
    <subfield code="a">RU</subfield>
    <subfield code="b">NLR</subfield>
    <subfield code="g">PSBO</subfield>
  </datafield>
  <datafield tag="852" ind1=" " ind2=" ">
    <subfield code="a">NLR</subfield>
    <subfield code="j">&#x424;&#x437;01 &#x414;-4/6231</subfield>
  </datafield>
  <datafield tag="942" ind1=" " ind2=" ">
    <subfield code="c">BOOK</subfield>
  </datafield>
  <datafield tag="980" ind1=" " ind2=" ">
    <subfield code="a">NB</subfield>
  </datafield>
  <datafield tag="995" ind1=" " ind2=" ">
    <subfield code="5">2013-10-26</subfield>
    <subfield code="b">NLR01</subfield>
    <subfield code="c">NLR01</subfield>
    <subfield code="e">IF</subfield>
    <subfield code="f">9062093-10</subfield>
    <subfield code="k">&#x424;&#x437;01 &#x414;-4/6231</subfield>
    <subfield code="o">0</subfield>
    <subfield code="r">BOOK</subfield>
    <subfield code="s">01_46231</subfield>
  </datafield>
</record>
